000 00581nam a2200241 a 4500
001 nice12345678
003 IN_TiNIC
005 20260116011858.0
008 050524s1924 lona grp 000 0 per
020 _a
_c100
082 0 0 _a220.9505
_bBUN
100 _aBanyon, John
245 _aSayahat-I-Maseeh
260 _aLondon
_bReligious Tracts Society
_c1924
300 _a372p
500 _aincludes index and biblioraphy
505 2 _aHand Written Manuscript
650 _aBible Stories
700 1 _aBanyon, John
902 _bSRS
942 _cBK
999 _c4665
_d4665